レコード大賞受賞曲(21世紀) - Statistics

General Stats
  • This quiz has been taken 198 times
    114 since last reset
  • The average score is 7 of 24
Answer Stats
受賞年 歌手 Answer % Correct
2024 Mrs. GREEN APPLE ライラック
92%
2020 LiSA
80%
2019 Foorin パプリカ
74%
2022 SEKAI NO OWARI Habit
73%
2023 Mrs. GREEN APPLE ケセラセラ
72%
2021 Da-iCE CITRUS
48%
2014 三代目 J Soul Brothers R.Y.U.S.E.I.
48%
2017 乃木坂46 インフルエンサー
46%
2018 乃木坂46 シンクロニシティ
39%
2011 AKB48 フライングゲット
37%
2007 コブクロ
29%
2004 Mr.Children Sign
14%
2012 AKB48 真夏のSounds good!
12%
2009 EXILE Someday
5%
2016 西野カナ あなたの好きなところ
4%
2013 EXILE EXILE PRIDE ~こんな世界を愛するため~
4%
2008 EXILE Ti Amo
4%
2015 三代目 J Soul Brothers Unfair World
3%
2002 浜崎あゆみ Voyage
3%
2010 EXILE I Wish For You
2%
2005 倖田來未 Butterfly
1%
2001 浜崎あゆみ Dearest
1%
2006 氷川きよし 一剣
0%
2003 浜崎あゆみ No way to say
0%
No matching quizzes found
Score Distribution
Percent of People with Each Score
Percentile by Number Answered
Your Score History
You have not taken this quiz since the last reset